Study on new castle diseases of local chicken and their antibodies by using ha and hi test at saang district, kandal province; សិក្សាជំងឺញូវកាស និងអង់ទីគ័ររបស់មាន់ក្នុងស្រុកតាមរយៈការធ្វើតេស្ត Ha និង hi test នៅស្រុកស្អាង ខេត្តកណ្តាល (Record no. 10618)
[ view plain ]
| 000 -LEADER | |
|---|---|
| fixed length control field | 00813nam a22001577a 4500 |
| 003 - CONTROL NUMBER IDENTIFIER | |
| control field | OSt |
| 005 - DATE AND TIME OF LATEST TRANSACTION | |
| control field | 20161031145724.0 |
| 008 - FIXED-LENGTH DATA ELEMENTS--GENERAL INFORMATION | |
| fixed length control field | 161031b xxu||||| |||| 00| 0 eng d |
| 040 ## - CATALOGING SOURCE | |
| Transcribing agency | RUA |
| 082 ## - DEWEY DECIMAL CLASSIFICATION NUMBER | |
| Classification number | VEM TAN 2015 B525 Or.1 |
| 100 ## - MAIN ENTRY--PERSONAL NAME | |
| 9 (RLIN) | 11035 |
| Personal name | TANG MENGKHEANG; តាំង ម៉េងឃាង |
| 245 ## - TITLE STATEMENT | |
| Title | Study on new castle diseases of local chicken and their antibodies by using ha and hi test at saang district, kandal province; សិក្សាជំងឺញូវកាស និងអង់ទីគ័ររបស់មាន់ក្នុងស្រុកតាមរយៈការធ្វើតេស្ត Ha និង hi test នៅស្រុកស្អាង ខេត្តកណ្តាល |
| 260 ## - PUBLICATION, DISTRIBUTION, ETC. (IMPRINT) | |
| Place of publication, distribution, etc. | Phnom Penh |
| Name of publisher, distributor, etc. | RUA |
| Date of publication, distribution, etc. | 2015 |
| 300 ## - PHYSICAL DESCRIPTION | |
| Extent | x; 37p; |
| Other physical details | ill; |
| Dimensions | 29cm; |
| 942 ## - ADDED ENTRY ELEMENTS (KOHA) | |
| Source of classification or shelving scheme | |
| Koha item type | VEM |
No items available.